00701nam a2200169Ia 4500008004100000020005500041040000800096082001600104100002100120245009300141260000900234264004800243942001300291952010500304952010500409999001700514231129s2018||||xx |||||||||||||| ||spa|| a978-958-30-4008-5  bspa a658.5 T795g aTrent Robert J. 0aGerencia estratégica de suministros : diseñe su propia fuente de ventaja competitiva c2018 aBogotá Colombia : Panamericana Editorial 2ddccBKS 00102ddc4070aBRCbBRCd2019-12-13l0o658.5 T795gp43685r2023-11-29 21:14:08t1w2023-11-29yBK 00102ddc4070aBRCbBRCd2019-12-13l0o658.5 T795gp43686r2023-11-29 21:14:08t2w2023-11-29yBK c14466d14466